LEADER 01204nam a2200253 4500 001 000000339670 003 CaOOAMICUS 005 20240716141630.0 008 200303s2019 it 000 u ita r 020 $a978-88-922-2020-1 040 $aSeMil$bita 100 1 $aGrillo, Andrea,$d<1961- >.$0(OLS)http://semarc/name/2664 245 13$aLe istituzioni ecclesiali alla prova del genere :$bliturgia, sacramenti e diritto /$cAndrea Grillo, Donata Horak. 264 1$aCinisello Balsamo :$bSan Paolo,$c2019. 300 $a191 p. ;$c20 cm 650 4$aChiesa cattolica e Ruolo delle donne - Sec. 21.$0(OLS)http://semarc/subject/49071 700 1 $aHorak, Donata,$d<1967- >.$0(OLS)http://semarc/name/111080 830 0$aExousia ;$v125.$0(OLS)http://semarc/title/428589 850 $aSeMil 852 $aSeMil$W1$xVenegono$y1$m3K II 560$j220418$B232404$CSeMilBibl$Z2$F232404 $81 996 $6020$a978-88-922-2020-1$9(OLS)http://semarc/number/290076 996 $6245$aLe istituzioni ecclesiali alla prova del genere :$bliturgia, sacramenti e diritto$9(OLS)http://semarc/title/428590 996 $6264$aCinisello Balsamo :$bSan Paolo$9(OLS)http://semarc/publisher/30129 LEADER 01285nam a2200289 i 4500 001 000000212148 003 CaOOAMICUS 005 20200713153431.0 008 120327s1839 it u000 u mul u 013 $a190977 040 $aSeMil$bita 100 1 $aVergilius Maro, Publius,$d<70-19 a.C.>.$0(OLS)http://semarc/name/6169 245 10$aOpere di P. Virgilio Marone /$ccon la traduzione e note di vari. 246 01$aQuae extant P. Virgilii Maronis opera 260 $aVenezia :$bDalla tip. di Giuseppe Antonelli,$c1839. 300 $a1424 col. ;$c27 cm. 500 $aFront. e testo originale a fronte. 650 4$aVirgilio Marone, Publio <70-19 a.C.> - Opere anteriori al 1900.$0(OLS)http://semarc/subject/4192 830 0$aBiblioteca degli scrittori latini : con testo a fronte.$0(OLS)http://semarc/title/35760 850 $aSeMil 852 $aSeMil$W1$xVenegono$y1$m1X IV 46/A FA$j162583$B162583$CSeMilBibl$Z2$F173820 $8I 900 0 $aVirgilio. 996 $6245$aOpere di P. Virgilio Marone$9(OLS)http://semarc/title/306330 996 $6246$aQuae extant P. Virgilii Maronis opera$9(OLS)http://semarc/title/306331 996 $6260$aVenezia :$bDalla tip. di Giuseppe Antonelli$9(OLS)http://semarc/publisher/36847